[Event "18th Asian-ch"]
[Site "New Delhi IND"]
[Date "2022.10.31"]
[Round "6.41"]
[White "Kakabaev, Mergen"]
[Black "Sidhant, Mohapatra"]
[Result "1/2-1/2"]
[WhiteElo "2285"]
[BlackElo "2343"]
[EventDate "2022.10.26"]
[PlyCount "175"]

1.e4 c5 2.Nf3 e6 3.d4 cxd4 4.Nxd4 Nc6 5.Nb5 d6 6.c4 Nf6 7.N1c3 a6 8.Na3 
Be7 9.Be2 O-O 10.O-O b6 11.f4 Bb7 12.Bf3 Rc8 13.Be3 Na5 14.Qd3 Nd7 15.Rac1
Rc7 16.b4 Nc6 17.Nc2 Qa8 18.a3 Rfc8 19.Ne2 e5 20.f5 Ncb8 21.Na1 a5 22.Nb3 
axb4 23.axb4 Qa4 24.Bd2 Qa6 25.Nc3 Qxc4 26.Qb1 Qa6 27.Be2 b5 28.Na5 Qb6+ 
29.Kh1 Nf6 30.Qd3 d5 31.Nxb7 Qxb7 32.Nxd5 Nxd5 33.exd5 Rxc1 34.Rxc1 Rxc1+ 
35.Bxc1 Bxb4 36.Qxb5 Qxb5 37.Bxb5 Kf8 38.g4 Ke7 39.Be3 Kd6 40.Kg2 Bc5 41.
Bd2 Kxd5 42.Kf3 e4+ 43.Ke2 Nc6 44.Bc3 f6 45.g5 Nd4+ 46.Bxd4 Bxd4 47.h4 Ke5
48.Bd7 Kf4 49.gxf6 gxf6 50.h5 h6 51.Be6 Kg4 52.Bd7 Bb6 53.Be6 Kxh5 54.Bd5 
e3 55.Kf3 Kg5 56.Be4 Kh4 57.Bd5 Kh3 58.Bf7 Kh2 59.Be8 Kg1 60.Ke2 Kg2 61.
Bf7 Kg3 62.Be8 Kg4 63.Bd7 h5 64.Bc8 Kg3 65.Kf1 h4 66.Bb7 Kf4 67.Bc8 Kg3 
68.Bb7 Kh2 69.Ba6 Kg3 70.Bb7 Bc5 71.Bc6 Kf4 72.Bd7 Ke4 73.Ke2 Kd5 74.Bc8 
Kc6 75.Ba6 h3 76.Bd3 Kd5 77.Ba6 Ke4 78.Bb7+ Kf4 79.Bc6 Kg3 80.Kf1 Ba7 81.
Bb7 Kf4 82.Ke2 h2 83.Ba8 Kxf5 84.Bb7 Kf4 85.Ba8 f5 86.Bb7 Ke5 87.Ba8 f4 
88.Bb7 1/2-1/2

[Event "18th Asian-ch"]
[Site "New Delhi IND"]
[Date "2022.10.31"]
[Round "6.42"]
[White "Dang Vu Dung"]
[Black "Muradov, Soltan"]
[Result "0-1"]
[WhiteElo "2017"]
[BlackElo "2233"]
[EventDate "2022.10.26"]
[PlyCount "88"]

1.Nf3 Nf6 2.d4 d5 3.Bf4 e6 4.e3 Bd6 5.Bd3 Bxf4 6.exf4 Qd6 7.Qc1 O-O 8.O-O 
b6 9.Re1 c5 10.c3 Ba6 11.Bc2 Nc6 12.Ba4 Ne7 13.Bc2 Rac8 14.Qd2 Nc6 15.Na3 
b5 16.dxc5 Qxc5 17.Bd3 Rfd8 18.Qe2 d4 19.Rac1 Nd5 20.Qe4 g6 21.cxd4 Qb4 
22.Rc2 Qa4 23.Rd2 b4 24.Bxa6 Qxa6 25.Nb1 Qxa2 26.g3 Na5 27.Ne5 Nb3 28.Rd3 
Rc1 29.Nd2 Nxd2 30.Rxd2 Nf6 31.Qe2 Rdc8 32.Nd3 Rxe1+ 33.Qxe1 a5 34.Nc5 Qd5
35.Qe5 Rxc5 36.dxc5 Qxd2 37.Qxf6 Qd1+ 38.Kg2 Qd5+ 39.Kh3 Qxc5 40.Qd8+ Kg7 
41.b3 Qh5+ 42.Kg2 Qd5+ 43.Qxd5 exd5 44.Kf3 a4 0-1

[Event "18th Asian-ch"]
[Site "New Delhi IND"]
[Date "2022.10.31"]
[Round "6.43"]
[White "Singh, Ojasva"]
[Black "Dushyant, Sharma"]
[Result "1/2-1/2"]
[WhiteElo "2382"]
[BlackElo "2370"]
[EventDate "2022.10.26"]
[PlyCount "74"]

1.e4 c5 2.Nf3 d6 3.d4 cxd4 4.Nxd4 Nf6 5.Nc3 Nc6 6.Bg5 Bd7 7.Qd3 Rc8 8.f4 
Nb4 9.Qe2 Qb6 10.Nb3 a6 11.Bxf6 gxf6 12.a3 Nc6 13.Nd5 Qd8 14.O-O-O e6 15.
Ne3 b5 16.Qh5 Be7 17.Ng4 Na5 18.Kb1 Nc4 19.Bd3 a5 20.e5 d5 21.f5 fxe5 22.
Nxe5 Nxe5 23.fxe6 Bxe6 24.Qxe5 Bf6 25.Bxb5+ Kf8 26.Qf4 Rg8 27.Rhf1 Rxg2 
28.Bd3 Bg7 29.Nd4 Kg8 30.Rg1 Rxg1 31.Rxg1 Kh8 32.Nf5 Bxb2 33.Kxb2 Qb6+ 34.
Ka2 Qxg1 35.Qe5+ Kg8 36.Ne7+ Kf8 37.Nxc8 Bxc8 1/2-1/2

[Event "18th Asian-ch"]
[Site "New Delhi IND"]
[Date "2022.11.01"]
[Round "7.1"]
[White "Narayanan, Sunilduth Lyna"]
[Black "Harsha, Bharathakoti"]
[Result "1/2-1/2"]
[WhiteElo "2663"]
[BlackElo "2582"]
[EventDate "2022.10.26"]
[PlyCount "71"]

1.d4 Nf6 2.c4 e6 3.Nc3 Bb4 4.e3 O-O 5.Bd3 d5 6.a3 Bxc3+ 7.bxc3 dxc4 8.Bxc4
c5 9.Nf3 Qc7 10.Be2 Nc6 11.O-O Rd8 12.Bb2 e5 13.h3 Bf5 14.Rc1 Bg6 15.a4 
Bh5 16.Nxe5 Bxe2 17.Qxe2 Nxe5 18.dxe5 Qxe5 19.c4 Qe7 20.Rfd1 Rxd1+ 21.Rxd1
Rd8 22.Rxd8+ Qxd8 23.Qf3 Qb6 24.Qg3 Kf8 25.Qe5 Ne8 26.Bc3 Qb1+ 27.Kh2 b6 
28.Qb8 Qb3 29.Be5 Qxa4 30.Bd6+ Kg8 31.Qc8 h6 32.Bb8 Kh7 33.Qf5+ Kg8 34.Qc8
Kh7 35.Qf5+ Kg8 36.Qc8 1/2-1/2

[Event "18th Asian-ch"]
[Site "New Delhi IND"]
[Date "2022.11.01"]
[Round "7.2"]
[White "Praggnanandhaa, Rameshbabu"]
[Black "Karthikeyan, Murali"]
[Result "1-0"]
[WhiteElo "2687"]
[BlackElo "2623"]
[EventDate "2022.10.26"]
[PlyCount "273"]

1.e4 c5 2.Nf3 Nc6 3.c3 Nf6 4.e5 Nd5 5.Bc4 Nb6 6.Bb3 c4 7.Bc2 d6 8.exd6 
Qxd6 9.O-O Bg4 10.h3 Bh5 11.Re1 e6 12.b3 Qc7 13.Qe2 cxb3 14.axb3 Be7 15.
Be4 O-O 16.d4 Nd5 17.Qd3 Nf6 18.Bxc6 bxc6 19.Nbd2 c5 20.Ba3 Nd5 21.Bxc5 
Bxc5 22.dxc5 Qxc5 23.c4 Nb4 24.Qc3 Bxf3 25.Nxf3 Rab8 26.Ne5 Rb7 27.Rad1 
Rc8 28.Qf3 Qe7 29.Rd2 f6 30.Ng4 Nc6 31.Qd1 h5 32.Ne3 Qc5 33.Rd6 Re7 34.Nc2
Kf7 35.Re3 Rce8 36.Qd2 Ne5 37.Qd4 Qxd4 38.Nxd4 g5 39.c5 Rc8 40.Rc3 a5 41.
c6 a4 42.bxa4 Ra7 43.Nxe6 Rxa4 44.c7 Ke7 45.Rd8 Rxc7 46.Rxc7+ Kxe6 47.Re8+
Kf5 48.g3 Ra1+ 49.Kg2 Nd3 50.Rce7 Ne5 51.Rh7 Nd3 52.Re3 Kg6 53.Rhe7 Rd1 
54.Re2 g4 55.f3 gxh3+ 56.Kxh3 Ne5 57.Kg2 Rd3 58.Rf2 Ra3 59.Re6 Kf7 60.Rd6 
Kg6 61.Rd4 Rb3 62.Ra4 Rc3 63.Ra6 Kg7 64.Ra5 Kg6 65.Ra4 Rb3 66.Ra1 Rc3 67.
Raf1 Ra3 68.Rb1 Rc3 69.Rb8 Ra3 70.Rh8 Rb3 71.Rg8+ Kh7 72.Ra8 Kg6 73.Ra6 
Kg7 74.Re6 Kf7 75.Rd6 Kg7 76.Ra6 Rc3 77.Re2 Rb3 78.f4 Ng4 79.Kh3 Rb1 80.
Rea2 Kg6 81.Ra8 Rh1+ 82.Kg2 Rb1 83.Rh8 Ne3+ 84.Kf2 Ng4+ 85.Kg2 Ne3+ 86.Kf3
Rb3 87.Kf2 Ng4+ 88.Kg2 Ne3+ 89.Kh3 Rb1 90.Re8 Rh1+ 91.Rh2 Re1 92.Re7 Kf5 
93.Rb7 Kg6 94.Rb8 Kh6 95.Rb6 Kg6 96.Ra6 Rb1 97.Ra8 Kh6 98.Re8 Re1 99.f5 
Kg5 100.Rg8+ Kxf5 101.Rf2+ Ke6 102.Rh8 Kf7 103.Rxh5 Kg6 104.Ra5 f5 105.
Raa2 Rh1+ 106.Rh2 Rf1 107.Raf2 Ra1 108.Ra2 Rb1 109.Ra3 Re1 110.Kh4 Ng2+ 
111.Kh3 Ne3 112.Ra8 Kh5 113.Raa2 Rb1 114.Rae2 Rb3 115.Rb2 Rc3 116.Rhf2 Rc5
117.Rf3 Ng4 118.Rb8 Nh6 119.Ra3 Rc6 120.Ra7 Kg5 121.Rg7+ Kf6 122.Rbb7 Ra6 
123.Rh7 Kg5 124.Rbg7+ Kh5 125.Rh8 Ra2 126.Rgh7 Ra6 127.Rg7 Ra2 128.Rf8 Ra6
129.Rb8 Ng4 130.Rb5 Kh6 131.Rf7 Nf2+ 132.Kg2 Ng4 133.Kf3 Ra3+ 134.Kf4 Ra4+
135.Kxf5 Ne3+ 136.Ke6 Rg4 137.Rf6+ 1-0

[Event "18th Asian-ch"]
[Site "New Delhi IND"]
[Date "2022.11.01"]
[Round "7.3"]
[White "Sethuraman, Panayapan"]
[Black "Vokhidov, Shamsiddin"]
[Result "0-1"]
[WhiteElo "2645"]
[BlackElo "2568"]
[EventDate "2022.10.26"]
[PlyCount "116"]

1.d4 Nf6 2.c4 e6 3.Nf3 d5 4.Nc3 Bb4 5.Qa4+ Nc6 6.e3 O-O 7.Qc2 Re8 8.Bd2 h6
9.a3 Bf8 10.cxd5 exd5 11.Bd3 Bd6 12.O-O a6 13.b4 Nb8 14.Rfc1 Qe7 15.Re1 
Bg4 16.e4 dxe4 17.Nxe4 Nc6 18.Nc5 Qf8 19.Bc3 Bxf3 20.gxf3 Bf4 21.Nxb7 
Rxe1+ 22.Rxe1 Qc8 23.Nc5 Qh3 24.Bf5 Qxh2+ 25.Kf1 Rd8 26.Nd7 Qh1+ 27.Ke2 
Re8+ 28.Ne5 Qh5 29.Kf1 Qh1+ 30.Ke2 Qh5 31.Kf1 Nxe5 32.dxe5 g6 33.Be4 Bxe5 
34.Bxe5 Qh3+ 35.Ke2 Rxe5 36.Qxc7 Re8 37.Qc4 Nxe4 38.fxe4 Qxa3 39.Rd1 Qh3 
40.Rd6 Qh5+ 41.Ke3 Qg5+ 42.Kf3 Qh5+ 43.Ke3 Qh3+ 44.f3 Qg3 45.Qxa6 Rb8 46.
b5 Qg5+ 47.Kd3 Rxb5 48.Qc8+ Kh7 49.Qc4 Rb7 50.Qd5 Qe7 51.e5 Ra7 52.Qc5 Ra1
53.Qc4 Qb7 54.Ke3 Ra3+ 55.Rd3 Qa7+ 56.Ke2 Ra2+ 57.Rd2 Rxd2+ 58.Kxd2 Qf2+ 
0-1

[Event "18th Asian-ch"]
[Site "New Delhi IND"]
[Date "2022.11.01"]
[Round "7.4"]
[White "Aravindh, Chithambaram"]
[Black "Koustav, Chatterjee"]
[Result "0-1"]
[WhiteElo "2625"]
[BlackElo "2496"]
[EventDate "2022.10.26"]
[PlyCount "146"]

1.e4 e5 2.Nf3 Nc6 3.d4 exd4 4.Nxd4 Nf6 5.Nxc6 bxc6 6.Nd2 d5 7.exd5 cxd5 8.
Bb5+ Bd7 9.Bxd7+ Qxd7 10.O-O Be7 11.b3 O-O 12.Bb2 Qf5 13.Re1 Bc5 14.Qf3 
Qxc2 15.Bxf6 Qxd2 16.Bc3 Qc2 17.Re2 Qg6 18.Qxd5 Bb6 19.Rae1 h6 20.Qe4 Qxe4
21.Rxe4 Rad8 22.Bb4 c5 23.Bc3 Rd3 24.Rc1 Rfd8 25.Kf1 Rd1+ 26.Rxd1 Rxd1+ 
27.Re1 Rd3 28.Rc1 f5 29.Ke2 Rd7 30.Bd2 Kf7 31.Be3 Rd5 32.Rc4 Ke6 33.h3 h5 
34.Rc3 g6 35.Rc1 Kf7 36.Rc4 Ke6 37.f3 Kd6 38.g4 hxg4 39.fxg4 Ke6 40.g5 Re5
41.Kf3 Kd5 42.Rh4 Re6 43.Bd2 Re4 44.Rh6 c4 45.bxc4+ Rxc4 46.Rxg6 Rc2 47.
Rg7 Ke6 48.Bb4 Rxa2 49.Re7+ Kd5 50.h4 Rf2+ 51.Kg3 f4+ 52.Kh3 f3 53.Rf7 Rf1
54.Ba5 Bd4 55.Rd7+ Ke4 56.Re7+ Kf5 57.Be1 f2 58.Bxf2 Rxf2 59.Rf7+ Kg6 60.
Rd7 Rf4 61.Kg3 Be5 62.Re7 Kf5 63.Kh3 a5 64.Ra7 Rf3+ 65.Kg2 Rg3+ 66.Kf1 Bc3
67.Rc7 Kg4 68.Kf2 Bd4+ 69.Ke2 Kxh4 70.Rd7 Bc3 71.Rc7 Kxg5 72.Kf2 Bd4+ 73.
Ke2 Kf4 0-1

[Event "18th Asian-ch"]
[Site "New Delhi IND"]
[Date "2022.11.01"]
[Round "7.5"]
[White "Adhiban, Baskaran"]
[Black "Atabaev, Saparmyrat"]
[Result "1/2-1/2"]
[WhiteElo "2603"]
[BlackElo "2433"]
[EventDate "2022.10.26"]
[PlyCount "96"]

1.e4 e5 2.Nf3 Nc6 3.Bb5 a6 4.Ba4 Nf6 5.O-O Nxe4 6.d4 b5 7.Bb3 d5 8.dxe5 
Be6 9.c3 Be7 10.Bc2 Qd7 11.Nbd2 Nxd2 12.Qxd2 O-O 13.Qd3 g6 14.Bh6 Bf5 15.
Qd2 Rfd8 16.Rfe1 Bxc2 17.Qxc2 Bf8 18.Qd2 Ne7 19.Bxf8 Rxf8 20.Qe3 Nf5 21.
Qc5 Ng7 22.Rad1 c6 23.h3 Ne6 24.Qe3 Qa7 25.Nd4 c5 26.Nc2 Rfd8 27.Qf3 d4 
28.cxd4 Nxd4 29.Nxd4 cxd4 30.h4 Re8 31.h5 Rad8 32.Re4 Qe7 33.g3 Qg5 34.
hxg6 hxg6 35.Qf4 Qxf4 36.gxf4 d3 37.Kg2 Re7 38.Kf3 Rc7 39.e6 fxe6 40.Rxe6 
d2 41.Rxg6+ Kf7 42.Rh6 Rc2 43.Rxa6 Rxb2 44.Ra3 b4 45.Rb3 Rxa2 46.Rxb4 Ra7 
47.Rb2 Rad7 48.Ke2 Re7+ 1/2-1/2

[Event "18th Asian-ch"]
[Site "New Delhi IND"]
[Date "2022.11.01"]
[Round "7.6"]
[White "Atabaev, Maksat"]
[Black "Mendonca, Leon Luke"]
[Result "1/2-1/2"]
[WhiteElo "2475"]
[BlackElo "2558"]
[EventDate "2022.10.26"]
[PlyCount "112"]

1.e4 c5 2.Nf3 d6 3.d4 cxd4 4.Nxd4 Nf6 5.Nc3 a6 6.Be2 e5 7.Nb3 Be7 8.O-O 
O-O 9.Qd3 Be6 10.Bd2 Re8 11.Nd5 Nxd5 12.exd5 Bc8 13.Na5 f5 14.Nc4 a5 15.a4
g6 16.Qb3 Nd7 17.Be3 f4 18.Bb6 Nxb6 19.Nxb6 Ra7 20.Nxc8 Qxc8 21.Qf3 Bd8 
22.Bd3 Bb6 23.c3 Ra8 24.Rae1 Re7 25.h3 Qd7 26.Qe4 Rf8 27.Bb5 Qd8 28.Be2 
Rg7 29.Bg4 Kh8 30.Kh2 Qh4 31.Qf3 Qd8 32.Be6 Qe7 33.Re4 Qf6 34.Rh1 Qh4 35.
Kg1 Re7 36.Kf1 Ree8 37.Ke2 Kg7 38.Rb1 Qd8 39.Qd3 Qc7 40.Qb5 Bc5 41.Rc4 Qb6
42.Qxb6 Bxb6 43.b4 Re7 44.f3 Ra8 45.Kd3 Kf6 46.Rc8 Rxc8 47.Bxc8 axb4 48.
Rxb4 Bc5 49.Rxb7 Rxb7 50.Bxb7 Ke7 51.Bc8 g5 52.Bg4 h6 53.Ke4 Kf6 54.a5 Bf2
55.Kd3 Ke7 56.Ke4 Kf6 1/2-1/2

[Event "18th Asian-ch"]
[Site "New Delhi IND"]
[Date "2022.11.01"]
[Round "7.7"]
[White "Aditya, Mittal"]
[Black "Puranik, Abhimanyu"]
[Result "1/2-1/2"]
[WhiteElo "2486"]
[BlackElo "2603"]
[EventDate "2022.10.26"]
[PlyCount "92"]

1.d4 Nf6 2.c4 c5 3.d5 e6 4.Nc3 exd5 5.cxd5 d6 6.e4 g6 7.f4 Bg7 8.Bb5+ Nfd7
9.a4 O-O 10.Nf3 a6 11.Bd3 Qc7 12.O-O c4 13.Bc2 Nc5 14.f5 Nbd7 15.Be3 Ne5 
16.Nxe5 Bxe5 17.f6 Rb8 18.Qd2 Nd7 19.Bd4 Bxd4+ 20.Qxd4 Ne5 21.Kh1 Kh8 22.
Qd2 Rg8 23.Qg5 Qb6 24.Nd1 Qd4 25.h3 b5 26.Nc3 b4 27.Rad1 Nd3 28.Bxd3 cxd3 
29.Nb1 Qxb2 30.Nd2 Qe5 31.Qe3 Qh5 32.Nc4 Bg4 33.Nxd6 Rgf8 34.Rxd3 Be2 35.
g4 Bxg4 36.Qf4 Bxh3 37.Nxf7+ Kg8 38.Nh6+ Kh8 39.Nf7+ Kg8 40.Nh6+ Kh8 41.
Rxh3 Qxh3+ 42.Kg1 Rb7 43.f7 Qc3 44.e5 Rbxf7 45.Nxf7+ Rxf7 46.Qxf7 Qg3+ 
1/2-1/2

[Event "18th Asian-ch"]
[Site "New Delhi IND"]
[Date "2022.11.01"]
[Round "7.8"]
[White "Raja Rithvik, R."]
[Black "Pranav, V."]
[Result "1/2-1/2"]
[WhiteElo "2470"]
[BlackElo "2530"]
[EventDate "2022.10.26"]
[PlyCount "68"]

1.d4 Nf6 2.c4 e6 3.Nf3 b6 4.g3 Ba6 5.b3 Bb7 6.Bg2 Bb4+ 7.Bd2 a5 8.O-O O-O 
9.Qc2 Re8 10.Nc3 d6 11.Rfe1 Bxc3 12.Bxc3 Be4 13.Qb2 Nbd7 14.Bh3 c5 15.Rad1
Qc7 16.d5 h6 17.Nd2 Bg6 18.e4 Ne5 19.Bxe5 dxe5 20.a4 Rad8 21.f3 Re7 22.Nb1
exd5 23.cxd5 Ne8 24.Na3 Nd6 25.Bf1 f6 26.Nb5 Qb8 27.Nxd6 Rxd6 28.Bb5 Be8 
29.Qe2 Qc8 30.Kg2 Bg6 31.Bd3 Bf7 32.Ba6 Qd7 33.Bb5 Qc8 34.Ba6 Qd7 1/2-1/2

[Event "18th Asian-ch"]
[Site "New Delhi IND"]
[Date "2022.11.01"]
[Round "7.9"]
[White "Sammed Jaykumar, Shete"]
[Black "Shyam Sundar, M."]
[Result "1/2-1/2"]
[WhiteElo "2408"]
[BlackElo "2518"]
[EventDate "2022.10.26"]
[PlyCount "79"]

1.d4 d5 2.c4 e6 3.Nf3 Nf6 4.Nc3 Bb4 5.cxd5 exd5 6.Bg5 Bf5 7.e3 h6 8.Bh4 
O-O 9.Be2 c6 10.Qb3 Bxc3+ 11.bxc3 Nbd7 12.Nd2 Qb6 13.O-O c5 14.dxc5 Qxc5 
15.c4 d4 16.exd4 Qxd4 17.Nf3 Qc5 18.Rad1 Rfe8 19.Nd4 Be4 20.f3 Bc6 21.Bf2 
Qa5 22.Nxc6 bxc6 23.Qc2 Nc5 24.Rfe1 Ne6 25.Bf1 Red8 26.c5 Nd5 27.Bc4 Rd7 
28.Bb3 Rad8 29.g3 Qb4 30.f4 Ndc7 31.Rxd7 Rxd7 32.Qe4 Qc3 33.Qxc6 Rd2 34.
Qe4 Nxc5 35.Bxf7+ Kxf7 36.Qf5+ Kg8 37.Qc8+ Kh7 38.Qf5+ Kg8 39.Qc8+ Kh7 40.
Qf5+ 1/2-1/2

[Event "18th Asian-ch"]
[Site "New Delhi IND"]
[Date "2022.11.01"]
[Round "7.10"]
[White "Urazaev, Arystanbek"]
[Black "Karthik, Venkataraman"]
[Result "0-1"]
[WhiteElo "2458"]
[BlackElo "2486"]
[EventDate "2022.10.26"]
[PlyCount "86"]

1.e4 e6 2.d4 d5 3.e5 c5 4.c3 Nc6 5.Nf3 Qb6 6.Be2 Nge7 7.Na3 Nf5 8.g4 Nh6 
9.h3 cxd4 10.cxd4 f6 11.Bxh6 gxh6 12.exf6 Qd8 13.Nc2 Qxf6 14.Qd2 Bd6 15.
O-O-O Bd7 16.Kb1 O-O-O 17.h4 Bf4 18.Ne3 Kb8 19.g5 hxg5 20.hxg5 Bxg5 21.
Nxg5 Qxg5 22.Bb5 h5 23.Bxc6 Bxc6 24.Rdg1 Qf4 25.Rh3 Rdf8 26.Qb4 Rc8 27.Qd2
Rcf8 28.Qb4 a6 29.a3 Rc8 30.Qd2 e5 31.Ka2 Bd7 32.Rg7 Rc7 33.Qb4 exd4 34.
Rhg3 a5 35.Rg8+ Rxg8 36.Rxg8+ Rc8 37.Rxc8+ Bxc8 38.Qa4 Qe4 39.Nf1 Qe1 40.
Qb5 Bf5 41.a4 Bb1+ 42.Kb3 Qd1+ 43.Ka3 Bc2 0-1

[Event "18th Asian-ch"]
[Site "New Delhi IND"]
[Date "2022.11.01"]
[Round "7.11"]
[White "Zhumabaev, Rinat"]
[Black "Pranesh, Munirethinam"]
[Result "1/2-1/2"]
[WhiteElo "2620"]
[BlackElo "2442"]
[EventDate "2022.10.26"]
[PlyCount "91"]

1.d4 d5 2.c4 c6 3.Nf3 e6 4.Nbd2 Nf6 5.g3 c5 6.Bg2 cxd4 7.Nxd4 e5 8.Nc2 Nc6
9.cxd5 Nxd5 10.Ne4 Be7 11.O-O Be6 12.Ne3 Nb6 13.f4 f5 14.Ng5 Bxg5 15.fxg5 
O-O 16.Qxd8 Raxd8 17.Bxc6 bxc6 18.b3 Nd5 19.Nc4 Nc3 20.Nxe5 Nxe2+ 21.Kf2 
Nxc1 22.Rfxc1 f4 23.Rd1 Bd5 24.g4 Rfe8 25.Re1 c5 26.Rad1 Bb7 27.Rd7 Ba6 
28.Rxd8 Rxd8 29.Kf3 Rd2 30.Kxf4 Rxa2 31.Rd1 Rf2+ 32.Kg3 Rf8 33.Rd7 Rb8 34.
Rxa7 Rxb3+ 35.Kf2 Bb7 36.Ra5 Rb2+ 37.Ke3 Rb3+ 38.Kd2 Rb2+ 39.Ke3 Rb3+ 40.
Kd2 Rb2+ 41.Kd3 Rxh2 42.Rxc5 Rb2 43.Ke3 Rb4 44.Nc4 Kf7 45.Kf2 Bd5 46.Rxd5 
1/2-1/2

[Event "18th Asian-ch"]
[Site "New Delhi IND"]
[Date "2022.11.01"]
[Round "7.12"]
[White "Anuj, Shrivatri"]
[Black "Sankalp, Gupta"]
[Result "0-1"]
[WhiteElo "2407"]
[BlackElo "2502"]
[EventDate "2022.10.26"]
[PlyCount "130"]

1.e4 c6 2.d4 d5 3.e5 Bf5 4.Nf3 e6 5.Be2 Nd7 6.O-O h6 7.c3 Ne7 8.Na3 Bh7 9.
Nc2 Ng6 10.a4 Be7 11.Bd3 c5 12.Ne3 O-O 13.Ng4 Rc8 14.g3 cxd4 15.cxd4 f5 
16.Ne3 Nb8 17.Ng2 Nc6 18.Bd2 Nb4 19.Bxb4 Bxb4 20.h4 Qb6 21.Qb3 Rc7 22.h5 
Ne7 23.Nf4 a5 24.Rac1 Rfc8 25.Rxc7 Rxc7 26.Bb5 Kf7 27.Qd3 Nc6 28.Rc1 Be7 
29.Kg2 Na7 30.Rc3 Nxb5 31.axb5 a4 32.Ne1 Qa5 33.Rc2 Rxc2 34.Nxc2 Qc7 35.
Qe2 b6 36.Qd3 Qc8 37.Kf3 Ke8 38.Ke2 Kd7 39.Kd1 Bg8 40.Ne3 Kd8 41.Ng6 Bf7 
42.Nxe7 Kxe7 43.Qa3+ Ke8 44.Qxa4 Bxh5+ 45.Kd2 Qd8 46.Ng2 g5 47.Qa7 Bf7 48.
Qa3 Bg6 49.f4 Kf7 50.Qa7+ Kg8 51.Qa3 Be8 52.Qb4 Kf7 53.Qb3 Qd7 54.fxg5 
hxg5 55.Qe3 Kg6 56.Qa3 Qxb5 57.Qe7 Qxb2+ 58.Ke1 Qa1+ 59.Kf2 Qxd4+ 60.Ne3 
Qd2+ 61.Kg1 Qxe3+ 62.Kg2 Qe2+ 63.Kg1 Qd1+ 64.Kg2 Qc2+ 65.Kg1 Qc5+ 0-1

[Event "18th Asian-ch"]
[Site "New Delhi IND"]
[Date "2022.11.01"]
[Round "7.13"]
[White "Pranav, Anand"]
[Black "Neelotpal, Das"]
[Result "1-0"]
[WhiteElo "2502"]
[BlackElo "2400"]
[EventDate "2022.10.26"]
[PlyCount "67"]

1.d4 d5 2.c4 c6 3.Nc3 Nf6 4.e3 e6 5.Nf3 Nbd7 6.Bd3 dxc4 7.Bxc4 b5 8.Bd3 b4
9.Ne4 Bb7 10.Nxf6+ Nxf6 11.O-O Be7 12.a3 a5 13.e4 O-O 14.e5 Nd7 15.Be4 Rb8
16.axb4 axb4 17.Bf4 Qb6 18.Qd3 h6 19.Rfd1 Ra8 20.Rxa8 Rxa8 21.Qd2 c5 22.
Bb1 Nf8 23.Qe2 Rd8 24.h4 Bxf3 25.Qxf3 Rxd4 26.Rxd4 cxd4 27.g3 Qa5 28.Qe4 
Qa1 29.Bc1 h5 30.Kg2 g6 31.Bh6 Qxb2 32.Qb7 Bc5 33.Qc8 Qc3 34.Qd8 1-0

[Event "18th Asian-ch"]
[Site "New Delhi IND"]
[Date "2022.11.01"]
[Round "7.14"]
[White "Nigmatov, Ortik"]
[Black "Shyaamnikhil, P."]
[Result "1/2-1/2"]
[WhiteElo "2433"]
[BlackElo "2489"]
[EventDate "2022.10.26"]
[PlyCount "63"]

1.e4 c5 2.Nf3 Nc6 3.d4 cxd4 4.Nxd4 e5 5.Nb5 d6 6.N5c3 Nf6 7.Bc4 Be6 8.Bb3 
Be7 9.Bg5 O-O 10.Bxf6 Bxf6 11.Nd5 Bg5 12.c3 Na5 13.O-O Rc8 14.Na3 a6 15.
Nc2 Nxb3 16.axb3 f5 17.f4 Bh6 18.exf5 Bxf5 19.Nce3 Be6 20.f5 Bd7 21.Kh1 
Kh8 22.Qd3 Bxe3 23.Nxe3 Bc6 24.Rae1 d5 25.Rd1 Bb5 26.c4 dxc4 27.Qxd8 Rfxd8
28.bxc4 Ba4 29.Rd5 Rxd5 30.cxd5 Kg8 31.g4 Bb3 32.Rf2 1/2-1/2

[Event "18th Asian-ch"]
[Site "New Delhi IND"]
[Date "2022.11.01"]
[Round "7.15"]
[White "Ritviz, Parab"]
[Black "Vignesh, N. R."]
[Result "0-1"]
[WhiteElo "2337"]
[BlackElo "2486"]
[EventDate "2022.10.26"]
[PlyCount "105"]

1.e4 c5 2.Nf3 d6 3.Bb5+ Nd7 4.O-O a6 5.Bd3 Ngf6 6.c3 b5 7.Bc2 Bb7 8.Re1 c4
9.b4 e5 10.a4 Be7 11.d4 cxd3 12.Bxd3 O-O 13.Nbd2 Bc6 14.Qe2 Qb6 15.axb5 
axb5 16.Rxa8 Rxa8 17.Nb3 d5 18.exd5 Bxd5 19.Nxe5 Nxe5 20.Qxe5 Bd6 21.Qd4 
Qb8 22.Bg5 Bxb3 23.Bxf6 gxf6 24.Qh4 Be6 25.Qxh7+ Kf8 26.Bxb5 Be5 27.Bc6 
Ra2 28.Bd5 Ra6 29.Bxe6 Rxe6 30.g3 Qb5 31.Rd1 Ke7 32.Qh8 Rd6 33.Rxd6 Bxd6 
34.Qc8 f5 35.f4 Qd5 36.c4 Qd1+ 37.Kg2 Qe2+ 38.Kg1 Qe1+ 39.Kg2 Qe4+ 40.Kh3 
Bxf4 41.b5 Be5 42.Qc5+ Bd6 43.Qd5 Qxd5 44.cxd5 f4 45.Kg4 f5+ 46.Kf3 fxg3 
47.hxg3 Kf6 48.b6 Kg5 49.b7 Kh5 50.Ke3 Kg4 51.Kd4 Kxg3 52.Kc4 Kf4 53.Kd4 
0-1

[Event "18th Asian-ch"]
[Site "New Delhi IND"]
[Date "2022.11.01"]
[Round "7.16"]
[White "Viani, Antonio Dcunha"]
[Black "Chanda, Sandipan"]
[Result "1-0"]
[WhiteElo "2342"]
[BlackElo "2474"]
[EventDate "2022.10.26"]
[PlyCount "75"]

1.e4 c5 2.Nf3 d6 3.d4 cxd4 4.Nxd4 Nf6 5.Nc3 a6 6.Be3 e6 7.f3 b5 8.Qd2 b4 
9.Na4 Nbd7 10.O-O-O Qa5 11.b3 Bb7 12.a3 Qc7 13.axb4 d5 14.Kb1 dxe4 15.b5 
Be7 16.b6 Qc8 17.Bc4 Ne5 18.Be2 O-O 19.c4 Rd8 20.Qc3 Nd3 21.Bxd3 exd3 22.
Qxd3 Nd7 23.Qc3 Nc5 24.Nxc5 Qxc5 25.Nc2 Qf5 26.Bd4 Rd7 27.c5 Rc8 28.Bf2 
Rdd8 29.Rxd8+ Bxd8 30.Rd1 h5 31.Qd3 Qe5 32.Qd7 Bf6 33.Bd4 Qe2 34.Bxf6 gxf6
35.Rd2 Qe5 36.Qxb7 Rxc5 37.Rd8+ Kg7 38.Qb8 1-0

[Event "18th Asian-ch"]
[Site "New Delhi IND"]
[Date "2022.11.01"]
[Round "7.17"]
[White "Samant Aditya, S."]
[Black "Saravana, Krishnan P."]
[Result "1/2-1/2"]
[WhiteElo "2467"]
[BlackElo "2197"]
[EventDate "2022.10.26"]
[PlyCount "79"]

1.e4 e6 2.d4 d5 3.Nc3 Bb4 4.e5 Qd7 5.a3 Bf8 6.f4 b6 7.Nf3 Ba6 8.Bxa6 Nxa6 
9.f5 O-O-O 10.fxe6 fxe6 11.O-O Kb7 12.b4 h6 13.b5 Nb8 14.a4 g5 15.a5 Ne7 
16.Qd3 Nc8 17.Ba3 Bxa3 18.Rxa3 Rdf8 19.Rfa1 Qh7 20.Qe2 Rf4 21.g3 Rf7 22.
Ne1 h5 23.axb6 axb6 24.Nd3 h4 25.Na4 Ne7 26.g4 Ng6 27.c4 Nf4 28.Nxf4 Rxf4 
29.Nxb6 Kxb6 30.c5+ Kb7 31.b6 Rf7 32.bxc7 Kxc7 33.Qb5 Qe4 34.Qb6+ Kc8 35.
Qxe6+ Rd7 36.c6 Qxd4+ 37.Kh1 Qe4+ 38.Kg1 Qd4+ 39.Kh1 Qe4+ 40.Kg1 1/2-1/2

[Event "18th Asian-ch"]
[Site "New Delhi IND"]
[Date "2022.11.01"]
[Round "7.18"]
[White "Iniyan, P."]
[Black "Ayush, Sharma"]
[Result "0-1"]
[WhiteElo "2541"]
[BlackElo "2267"]
[EventDate "2022.10.26"]
[PlyCount "68"]

1.d4 Nf6 2.c4 e6 3.Nf3 b6 4.g3 Ba6 5.b3 Bb4+ 6.Bd2 Be7 7.Nc3 c6 8.e4 d5 9.
Bd3 dxc4 10.bxc4 e5 11.d5 cxd5 12.exd5 Nbd7 13.Qa4 O-O 14.Qxa6 Nc5 15.
Bxh7+ Nxh7 16.Qb5 e4 17.Nd4 Nd3+ 18.Ke2 Bc5 19.Be3 Re8 20.f3 Ng5 21.fxe4 
Nb4 22.Nb3 Qf6 23.Nxc5 Qxc3 24.Rhc1 Qb2+ 25.Kf1 Qf6+ 26.Bf4 bxc5 27.Qxc5 
Nd3 28.Qe3 Nxc1 29.e5 Qf5 30.Rxc1 Nh3 31.Kg2 g5 32.Rf1 Rab8 33.Kh1 gxf4 
34.gxf4 Kh7 0-1

[Event "18th Asian-ch"]
[Site "New Delhi IND"]
[Date "2022.11.01"]
[Round "7.19"]
[White "Visakh, N. R."]
[Black "Moksh Amit, Doshi"]
[Result "0-1"]
[WhiteElo "2566"]
[BlackElo "2430"]
[EventDate "2022.10.26"]
[PlyCount "122"]

1.d4 Nf6 2.c4 e6 3.Nf3 d5 4.Nc3 Bb4 5.e3 O-O 6.Bd2 b6 7.cxd5 exd5 8.Bd3 
Bd6 9.O-O Re8 10.Nb5 Bf8 11.Ne5 c5 12.Be1 Ba6 13.a4 Bb7 14.f4 a6 15.Nc3 
Nc6 16.Bh4 Nb4 17.Rf3 Nxd3 18.Qxd3 Qd6 19.Bxf6 Qxf6 20.Raf1 Rad8 21.Rh3 h6
22.g4 Bc8 23.Rg3 cxd4 24.exd4 g6 25.Qf3 Bg7 26.Qg2 Qd6 27.h4 Re7 28.Qf2 
Kh7 29.Qc2 Kg8 30.Qd2 Kh7 31.Qd3 Kg8 32.Rg2 Rde8 33.Qf3 Rd8 34.Qd3 Rde8 
35.Qf3 Rd8 36.Rc1 Bb7 37.g5 h5 38.Re2 Kh7 39.Rce1 Bc8 40.Qd3 Rc7 41.Rd2 
Qe6 42.Ne2 Bf8 43.Rf1 Bb4 44.f5 Qe8 45.Rc2 Re7 46.Ng3 Bd6 47.fxg6+ fxg6 
48.Nxh5 Bxe5 49.dxe5 Qxa4 50.Nf6+ Kg7 51.Rxc8 Rxc8 52.h5 Kh8 53.Qh3 Qd4+ 
54.Kh1 Rc4 55.hxg6+ Qh4 56.Qxh4+ Rxh4+ 57.Kg2 Rxe5 58.Kg3 Rb4 59.Rf4 Rxf4 
60.Kxf4 Re2 61.b4 d4 0-1

[Event "18th Asian-ch"]
[Site "New Delhi IND"]
[Date "2022.11.01"]
[Round "7.20"]
[White "Amartuvshin, Ganzorig"]
[Black "Sengupta, Deep"]
[Result "0-1"]
[WhiteElo "2406"]
[BlackElo "2497"]
[EventDate "2022.10.26"]
[PlyCount "54"]

1.d4 d5 2.c4 c6 3.Nc3 Nf6 4.e3 e6 5.Nf3 Nbd7 6.Qc2 Bd6 7.Bd3 O-O 8.O-O 
dxc4 9.Bxc4 Qe7 10.h3 e5 11.Bb3 a5 12.a3 Bc7 13.Rd1 h6 14.Nh4 Rd8 15.Nf5 
Qf8 16.Bd2 exd4 17.Nb5 d3 18.Qc1 Nc5 19.Nxh6+ gxh6 20.Nxc7 Nxb3 21.Qc3 
Nxd2 22.Qxf6 Nb3 23.Nxa8 Nxa1 24.Qc3 Bf5 25.Qxa5 Be6 26.Nc7 Bb3 27.Rd2 Bc2
0-1

[Event "18th Asian-ch"]
[Site "New Delhi IND"]
[Date "2022.11.01"]
[Round "7.21"]
[White "Atabaev, Yusup"]
[Black "Aaryan, Varshney"]
[Result "1/2-1/2"]
[WhiteElo "2490"]
[BlackElo "2312"]
[EventDate "2022.10.26"]
[PlyCount "67"]

1.e4 e5 2.Nf3 Nc6 3.Bb5 a6 4.Ba4 Nf6 5.O-O Be7 6.Re1 b5 7.Bb3 O-O 8.c3 d6 
9.h3 Na5 10.Bc2 c5 11.d4 Qc7 12.Nbd2 cxd4 13.cxd4 Nc6 14.a3 Nxd4 15.Nxd4 
exd4 16.Nf3 Bb7 17.Nxd4 Rfe8 18.a4 d5 19.e5 Bb4 20.Re2 Ne4 21.Bf4 Qb6 22.
Qd3 bxa4 23.Bxa4 Nc5 24.Qd1 Nxa4 25.Rxa4 a5 26.Re3 Bc8 27.Ra1 Bd7 28.Rd3 
Bc5 29.b3 Rac8 30.Ra2 h6 31.Qa1 Ra8 32.Qd1 Rac8 33.Qa1 Ra8 34.Qd1 1/2-1/2